[Event "AUTO-OPEN-435"]
[Site "http://www.queenalice.com/game.php?id=205163"]
[Date "2007.5.2"]
[Round "3"]
[White "Alexsandro"]
[Black "gbsalvio"]
[Result "1/2-1/2"]
[WhiteElo "2300"]
[BlackElo "2442"]

1. e4 e5 2. Nf3 Nc6 3. Bb5 a6 4. Ba4 Nf6 5. O-O Be7 6. Re1 b5 7. Bb3 d6 8. c3
O-O 9. h3 Na5 10. Bc2 c5 11. d4 Qc7 12. Nbd2 Nc6 13. dxc5 dxc5 14. Nf1 Be6 15.
Ne3 Rfd8 16. Qe2 h6 17. g4 Rab8 18. g5 hxg5 19. Nxg5 Qc8 20. Qf3 Nh7 21. Nxh7
Kxh7 22. Qh5+ Kg8 23. Kh2 Bf8 24. Ng4 Bxg4 25. hxg4 g6 26. Qh4 Be7 27. g5 Kg7
28. Qh6+ Kg8 29. Re3 Bf8 30. Qh4 Bg7 31. Rh3 Na5 32. b3 b4 33. Bd3 Kf8 34. Be2
Qb7 35. Be3 Rbc8 36. c4 Qb6 37. Bg4 Rc7 38. Qg3 Nc6 39. Rh7 Nd4 40. Rxg7 Kxg7
41. Qxe5+ Kf8 42. Bf4 Rb7 43. Qh8+ Ke7 44. Qg7 Ke8 45. Qh6 Ne6 46. Be5 Re7 47.
Bf6 Rd3 48. e5 Rd4 49. f3 Kd7 50. Qh7 Qc6 51. Rf1 Rxg4 52. Bxe7 Rxc4 53. Qxf7
Rc2+ 54. Kg3 Qd5 55. Re1 Qd2 56. Bf8+ Kc6 57. Qxe6+ Kb5 58. Qxg6 Qxe1+ 59. Kg4
Qd2 60. Qe8+ Kb6 61. Qb8+ Kc6 62. Qa8+ Kb6 63. Kf5 c4 64. Qb8+ Kc6 65. f4 Qd3+
66. Kf6 cxb3 67. axb3 Qh3 68. Qd6+ Kb7 69. Qxb4+ Kc8 70. g6 1/2-1/2

[Event "AUTO-OPEN-435"]
[Site "http://www.queenalice.com/game.php?id=205164"]
[Date "2007.5.2"]
[Round "3"]
[White "gbsalvio"]
[Black "Alexsandro"]
[Result "1-0"]
[WhiteElo "2417"]
[BlackElo "2268"]

1. Nc3 c5 2. Nf3 Nc6 3. d4 cxd4 4. Nxd4 Nf6 5. Bg5 e6 6. e4 d6 7. Qd2 a6 8.
O-O-O Bd7 9. f4 b5 10. a3 Qb6 11. Nf3 b4 12. axb4 Qxb4 13. e5 Rb8 14. b3 Ng4 15.
exd6 f6 16. Bh4 Na5 17. Nd4 Bxd6 18. Kb1 O-O 19. h3 Nh6 20. Be1 Qb7 21. Bd3 Bc5
22. Nce2 Nc6 23. Bc4 Rfd8 24. Bf2 a5 25. Nxc6 Qxc6 26. Bxc5 Qxc5 27. Qc3 Kh8 28.
Rhe1 Qb6 29. Nd4 Re8 30. Qe3 e5 31. fxe5 Rxe5 32. Qg3 Rc8 33. Rxe5 fxe5 34. Nf3
Bf5 35. Nxe5 a4 36. Kb2 axb3 37. cxb3 Ra8 38. Qc3 Bg6 39. Rd7 Qf2+ 40. Qd2 Qf8
41. b4 Be8 42. Rd6 Rb8 43. Bb3 Rb5 44. Re6 Bg6 45. Rxg6 Rxe5 46. Rd6 Re8 47. Rd7
Rc8 48. b5 Ng8 49. b6 Nf6 50. Rc7 Rb8 51. Qd4 Qe8 52. Qd6 Qe2+ 53. Rc2 Qe8 54.
Qc7 1-0

[Event "QA-ANNIV-02"]
[Site "http://www.queenalice.com/game.php?id=210964"]
[Date "2007.5.14"]
[Round "7"]
[White "Alexsandro"]
[Black "popcorn"]
[Result "1-0"]
[WhiteElo "2281"]
[BlackElo "2075"]

1. e4 e5 2. Nf3 Nc6 3. Bb5 a6 4. Ba4 Nf6 5. O-O Be7 6. Re1 b5 7. Bb3 O-O 8. c3
d6 9. h3 Nb8 10. d4 Nbd7 11. Nbd2 Bb7 12. Bc2 Re8 13. Nf1 Bf8 14. Ng3 g6 15. a4
c5 16. d5 c4 17. Bg5 h6 18. Be3 Nc5 19. Qd2 Kh7 20. Ra3 Rb8 21. Rea1 Re7 22.
R1a2 Rc7 23. Qe2 Bg7 24. Nd2 Nfd7 25. Ra1 Bc8 26. axb5 axb5 27. b4 cxb3 28. Nxb3
Na4 29. Na5 Bb7 30. c4 Rcc8 31. cxb5 Qxa5 32. Bxa4 Nc5 33. Bd1 Qd8 34. Qc2 Ne6
35. Qd3 Nd4 36. Ba4 Qa5 37. Ne2 f5 38. Bxd4 exd4 39. exf5 Qb6 40. Nf4 Rf8 41.
fxg6+ Kg8 42. Ne6 Rf6 43. Nxg7 Kxg7 44. Re1 Rbf8 45. Re7+ Kg8 46. g7 R8f7 47.
Re8+ Kxg7 48. Qg3+ Rg6 49. Qxg6+ Kxg6 50. Rg3+ 1-0

[Event "Spike"]
[Site "http://www.queenalice.com/game.php?id=211575"]
[Date "2007.5.16"]
[Round "4"]
[White "Alsina"]
[Black "Alexsandro"]
[Result "1/2-1/2"]
[WhiteElo "2371"]
[BlackElo "2287"]

1. d4 Nf6 2. c4 e6 3. Nf3 b6 4. Nc3 Bb7 5. a3 d5 6. cxd5 Nxd5 7. Qc2 Nxc3 8.
bxc3 Be7 9. e4 O-O 10. Bd3 c5 11. O-O Qc8 12. Qa2 Rd8 13. Rd1 Ba6 14. Bxa6 Nxa6
15. Qe2 Qb7 16. Bf4 cxd4 17. cxd4 Rac8 18. Rd3 Nc7 19. Ne5 f6 20. Ng4 a6 21. a4
Ne8 22. d5 Bc5 23. dxe6 h5 24. Nh6+ gxh6 25. Rg3+ Kh8 26. Qxh5 Qh7 27. Bxh6 Bf8
28. Qg4 f5 29. e7 Bxe7 30. exf5 Rc6 31. Bf4 Nf6 32. Qf3 Qxf5 33. Rh3+ Nh7 34.
Qxc6 Qxf4 35. Qxb6 Qf6 36. Qxf6+ Bxf6 37. Rb1 Kg8 38. Rg3+ Kh8 39. Kf1 Ng5 40.
Rg4 Rd6 41. Rb3 Rd1+ 42. Ke2 Ra1 43. Rbg3 Ra2+ 44. Kd1 Rxf2 45. Rxg5 Bxg5 46.
Rxg5 a5 47. h4 Rf4 48. Rxa5 Rxh4 49. Ke2 Kg7 50. Ra6 Rg4 51. Kf3 Rc4 52. a5 Rc5
53. g4 Rg5 1/2-1/2

[Event "AUTO-MASTER-208"]
[Site "http://www.queenalice.com/game.php?id=213732"]
[Date "2007.5.20"]
[Round "2"]
[White "mateintwo"]
[Black "Alexsandro"]
[Result "1/2-1/2"]
[WhiteElo "2266"]
[BlackElo "2260"]

1. e4 c5 2. Nf3 d6 3. d4 cxd4 4. Nxd4 Nf6 5. Nc3 a6 6. f3 e5 7. Nb3 Be6 8. Be3
Nbd7 9. Qd2 b5 10. a4 b4 11. Nd5 Bxd5 12. exd5 Nb6 13. Bxb6 Qxb6 14. a5 Qb7 15.
Bc4 Be7 16. Ra4 Rb8 17. Qd3 Ra8 18. Qd2 1/2-1/2

[Event "AUTO-MASTER-208"]
[Site "http://www.queenalice.com/game.php?id=213733"]
[Date "2007.5.20"]
[Round "2"]
[White "Alexsandro"]
[Black "mateintwo"]
[Result "1/2-1/2"]
[WhiteElo "2260"]
[BlackElo "2272"]

1. e4 e5 2. Nf3 Nc6 3. Bb5 a6 4. Ba4 Nf6 5. O-O Be7 6. Re1 b5 7. Bb3 d6 8. c3
O-O 9. h3 Na5 10. Bc2 c5 11. d4 Qc7 12. Nbd2 cxd4 13. cxd4 Bb7 14. Nf1 Rac8 15.
Re2 Nh5 16. Bd3 Nc6 17. Rc2 Qd7 1/2-1/2

[Event "AUTO-MASTER-208"]
[Site "http://www.queenalice.com/game.php?id=213734"]
[Date "2007.5.20"]
[Round "2"]
[White "jimwilson"]
[Black "Alexsandro"]
[Result "0-1"]
[WhiteElo "2051"]
[BlackElo "2260"]

1. d4 Nf6 2. c4 e6 3. Nc3 Bb4 4. Nf3 d5 5. Bg5 h6 6. Bh4 dxc4 7. e3 b5 8. Be2
Bb7 9. O-O a6 10. Ne5 Nbd7 11. Bf3 Qc8 12. Nc6 Bxc6 13. Bxc6 O-O 14. Bxa8 Qxa8
15. a4 Qc6 16. axb5 axb5 17. Ra7 Qb6 18. Qa1 c5 19. Ra6 Qb8 20. Bg3 Qb7 21. Ra7
Qb6 22. Rd1 cxd4 23. Rxd4 Nb8 24. Bc7 Qc6 25. Ba5 e5 26. Rd8 Rxd8 27. Bxd8 Nd5
28. Bh4 Nc7 29. Bg3 Bd6 30. Qd1 b4 31. Nb1 Nba6 32. Qf3 Qa4 33. Rxa6 Qxa6 34.
Qd1 Qa1 35. h3 Qxb2 36. Nd2 c3 37. Nc4 Qa2 38. Nxd6 c2 39. Qg4 c1=Q+ 40. Kh2
Qaa1 41. Qc8+ Ne8 42. Qxe8+ Kh7 43. Bxe5 Qg1+ 44. Kg3 Qaf1 0-1

[Event "AUTO-MASTER-208"]
[Site "http://www.queenalice.com/game.php?id=213735"]
[Date "2007.5.20"]
[Round "2"]
[White "Alexsandro"]
[Black "jimwilson"]
[Result "1-0"]
[WhiteElo "2262"]
[BlackElo "2057"]

1. e4 c6 2. d4 d5 3. Nc3 dxe4 4. Nxe4 Nf6 5. Nxf6+ gxf6 6. c3 Bf5 7. Nf3 e6 8.
g3 h5 9. Bg2 Be7 10. Nh4 Bg6 11. Nxg6 fxg6 12. Qc2 f5 13. Qb3 Qd7 14. Bf4 Kf7
15. O-O-O a5 16. Rhe1 Na6 17. h3 b5 18. Be5 Rhd8 19. g4 h4 20. gxf5 gxf5 21. Qc2
Nc7 22. Qe2 Rg8 23. Bh1 Bg5+ 24. f4 1-0

[Event "QA-ANNIV-03"]
[Site "http://www.queenalice.com/game.php?id=225829"]
[Date "2007.6.15"]
[Round "1"]
[White "uneternal"]
[Black "Alexsandro"]
[Result "0-1"]
[WhiteElo "1177"]
[BlackElo "2280"]

1. b3 e5 2. Bb2 Nc6 3. e4 Nf6 4. d3 d5 5. exd5 Nxd5 6. Ne2 Bg4 7. Qd2 Be7 8. Ng3
Bg5 9. f4 Bxf4 10. Qf2 Be3 11. Qxf7+ Kxf7 12. Nc3 Ndb4 13. Be2 Nxc2+ 14. Kf1
Qf6+ 15. Bf3 Bxf3 16. Bc1 Bg4+ 17. Nf5 Qxf5# 0-1

[Event "Spike"]
[Site "http://www.queenalice.com/game.php?id=241098"]
[Date "2007.7.17"]
[Round "5"]
[White "Alexsandro"]
[Black "dilucia"]
[Result "1/2-1/2"]
[WhiteElo "2299"]
[BlackElo "2318"]

1. e4 c5 2. Nf3 d6 3. d4 cxd4 4. Nxd4 Nf6 5. Nc3 a6 6. Bg5 e6 7. f4 b5 8. e5
dxe5 9. fxe5 Qc7 10. Qe2 Nfd7 11. O-O-O Bb7 12. Qg4 Qxe5 13. Bd3 h6 14. Bh4 g5
15. Nxe6 h5 16. Qxg5 Bh6 17. Rde1 fxe6 18. Bg6+ Kf8 19. Rhf1+ Qf6 20. Qxh6+ Rxh6
21. Bxf6 Rxg6 22. Rxe6 Rxf6 23. Rfxf6+ Nxf6 24. Rxf6+ Kg7 25. Rd6 Bxg2 26. Ne2
Nc6 27. Nf4 Bf3 28. Nxh5+ Bxh5 29. Rxc6 Be8 30. Rd6 a5 31. b3 Rc8 32. Kb2 Rc5
33. Ra6 a4 34. h4 Re5 35. Ra7+ Kf6 36. Ra5 Re4 37. h5 Rh4 38. bxa4 bxa4 39. Ra6+
Kg7 40. h6+ Rxh6 41. Rxh6 Kxh6 42. c4 Kg6 43. Kc3 Kf5 44. Kd4 Ke6 45. c5 Bc6 46.
a3 Kf5 47. Kc3 Ke5 48. Kc4 Ke4 49. Kc3 Ke3 50. Kc2 Kd4 51. Kb2 Kxc5 1/2-1/2

[Event "QA-ANNIV-02"]
[Site "http://www.queenalice.com/game.php?id=241939"]
[Date "2007.7.18"]
[Round "8"]
[White "TheAlchemist"]
[Black "Alexsandro"]
[Result "0-1"]
[WhiteElo "2021"]
[BlackElo "2291"]

1. e4 c5 2. Nf3 d6 3. d4 cxd4 4. Nxd4 Nf6 5. Nc3 a6 6. Bg5 e6 7. f4 Be7 8. Qf3
Qc7 9. O-O-O Nbd7 10. Bd3 h6 11. Bh4 g5 12. fxg5 Ne5 13. Qe2 Nfg4 14. Nf3 hxg5
15. Bg3 Bd7 16. Rdf1 Ng6 17. Qd2 Qa5 18. Kb1 N4e5 19. Nxg5 f6 20. Nf3 Nc6 21. e5
Ngxe5 22. Nxe5 Nxe5 23. Bxe5 Qxe5 24. Bg6+ Kd8 25. h4 d5 26. g4 Rc8 27. Re1 Qd6
28. h5 Rc4 29. Qe2 Kc8 30. Bf7 Rc6 31. h6 Bd8 32. Qd3 Ba5 33. g5 fxg5 34. Qd4 e5
35. Rxe5 Rxh6 36. Rhe1 Bxc3 37. bxc3 Rb6+ 38. Ka1 Qa3 39. c4 dxc4 40. Bxc4 Qb4
41. Re8+ Kc7 0-1

[Event "QA-ANNIV-03"]
[Site "http://www.queenalice.com/game.php?id=246893"]
[Date "2007.7.27"]
[Round "2"]
[White "Alexsandro"]
[Black "koshnarek"]
[Result "1-0"]
[WhiteElo "2290"]
[BlackElo "1561"]

1. e4 e5 2. Nf3 Nc6 3. Bb5 Nge7 4. Nc3 a6 5. Bc4 b5 6. Bb3 d6 7. Ng5 Nd4 8. Nxf7
Qd7 9. Nxh8 Nxb3 10. axb3 g6 11. Qf3 Qe6 12. Nxb5 Kd7 13. Qxf8 Bb7 14. Qf3 Rxh8
15. Nc3 c5 16. d3 Nc6 17. O-O Nb4 18. Qe2 h5 19. f4 Qg4 20. Qd2 Rf8 21. fxe5
Rxf1+ 22. Kxf1 g5 23. Qf2 dxe5 24. Ra5 Kd6 25. Qxc5+ Kd7 26. Qxb4 Kc7 27. Rc5+
Kb8 28. Qb6 Qd7 29. Nd5 Qf7+ 30. Kg1 g4 31. Be3 Qd7 32. Qa7+ Kxa7 33. Rc8# 1-0

[Event "Brazil Open"]
[Site "http://www.queenalice.com/game.php?id=258947"]
[Date "2007.8.21"]
[Round "4"]
[White "ichtus"]
[Black "Alexsandro"]
[Result "1/2-1/2"]
[WhiteElo "2074"]
[BlackElo "2306"]

1. d4 Nf6 2. Nf3 d5 3. Bg5 e6 4. Nbd2 Be7 5. e3 c5 6. c3 Nbd7 7. Bd3 b6 8. O-O
Bb7 9. Re1 O-O 10. Bxf6 Nxf6 11. Ne5 Ne4 12. Qc2 Nxd2 13. Qxd2 Bd6 14. f4 f6 15.
Nf3 Qc7 16. Qc2 g6 17. Rad1 c4 18. Be2 b5 19. a3 1/2-1/2

[Event "QA-ANNIV-03"]
[Site "http://www.queenalice.com/game.php?id=270170"]
[Date "2007.9.11"]
[Round "3"]
[White "fertaka"]
[Black "Alexsandro"]
[Result "0-1"]
[WhiteElo "1928"]
[BlackElo "2304"]

1. d4 Nf6 2. c4 g6 3. Nc3 Bg7 4. e4 d6 5. d5 O-O 6. Nf3 Nbd7 7. Bf4 Nc5 8. Qc2
c6 9. Bd3 Qb6 10. Be3 Qxb2 11. O-O Qxc2 12. Bxc2 Nxd5 13. exd5 Bxc3 14. Rad1
cxd5 15. Bxc5 dxc5 16. Rxd5 Bb4 17. Rfd1 Be6 18. Be4 Bxd5 19. Bxd5 Rad8 20. Re1
Bxe1 21. Nxe1 e6 22. Bxb7 Rd1 23. Kf1 Rb8 24. Bf3 Rc1 25. Ke2 Rb2+ 0-1

[Event "QA-ANNIV-02"]
[Site "http://www.queenalice.com/game.php?id=271749"]
[Date "2007.9.14"]
[Round "9"]
[White "Alexsandro"]
[Black "csparrow"]
[Result "0-1"]
[WhiteElo "2305"]
[BlackElo "2410"]

1. e4 c5 2. Nf3 d6 3. d4 cxd4 4. Nxd4 Nf6 5. Nc3 a6 6. Be3 Ng4 7. Bg5 h6 8. Bh4
g5 9. Bg3 Bg7 10. Be2 h5 11. Bxg4 Bxg4 12. f3 Bd7 13. Bf2 Nc6 14. O-O e6 15.
Nde2 Qe7 16. Na4 Ne5 17. Nb6 Rd8 18. Nxd7 Rxd7 19. c3 h4 20. Bd4 h3 21. g3 g4
22. fxg4 Qg5 23. Nf4 Nxg4 24. Bxg7 Qxg7 25. Qe2 Kd8 26. Rad1 Kc7 27. b4 Kb8 28.
c4 Ne5 29. Nh5 Qf8 30. Nf6 Rc7 31. c5 dxc5 32. Qb2 Nc4 33. Qf2 Kc8 34. Kh1 Qe7
35. Rc1 b5 36. a4 cxb4 37. axb5 axb5 38. Ra1 Kb8 39. Qf4 b3 40. Rab1 b2 41. Ng4
Qa3 42. Rfd1 Kc8 43. Qf6 Rg8 44. Nf2 Ne3 45. Qxb2 Qxb2 0-1

[Event "Brazil Open"]
[Site "http://www.queenalice.com/game.php?id=296633"]
[Date "2007.11.1"]
[Round "5"]
[White "dilucia"]
[Black "Alexsandro"]
[Result "1/2-1/2"]
[WhiteElo "2329"]
[BlackElo "2296"]

1. e4 c5 2. Nf3 d6 3. d4 cxd4 4. Nxd4 Nf6 5. Nc3 a6 6. Be3 Ng4 7. Bg5 h6 8. Bh4
g5 9. Bg3 Bg7 10. h3 Ne5 11. Nf5 Bxf5 12. exf5 Nbc6 13. Nd5 e6 14. fxe6 fxe6 15.
Ne3 O-O 16. Be2 Qe7 17. O-O Rad8 18. Bh5 Kh8 19. Re1 d5 20. a4 Nd7 21. c3 Be5
22. Bxe5+ Ndxe5 23. Qe2 Rf4 24. Ng4 Nxg4 25. Bxg4 e5 26. Qe3 Kg7 27. b4 e4 28.
Rad1 Ne5 29. Be2 Rf5 30. Rd2 Rdf8 31. a5 R8f6 32. Red1 Qe6 33. Rxd5 Nf3+ 34.
Bxf3 Rxd5 35. Rxd5 Qxd5 36. Bxe4 Qd1+ 37. Kh2 Qd6+ 38. g3 b6 39. axb6 Qxb6 40.
Qxb6 Rxb6 41. Kg2 a5 42. bxa5 1/2-1/2

[Event "QA-ANNIV-02"]
[Site "http://www.queenalice.com/game.php?id=311849"]
[Date "2007.11.28"]
[Round "10"]
[White "tonyalme"]
[Black "Alexsandro"]
[Result "1/2-1/2"]
[WhiteElo "2316"]
[BlackElo "2297"]

1. e4 c5 2. Nf3 d6 3. d4 cxd4 4. Nxd4 Nf6 5. Nc3 a6 6. f4 e6 7. Be2 Be7 8. Be3
Nc6 9. O-O Qc7 10. Qe1 O-O 11. Qg3 Nxd4 12. Bxd4 b5 13. Bf3 Bb7 14. e5 dxe5 15.
fxe5 Nd7 16. Bxb7 Qxb7 17. a3 Nb6 18. Rf4 Rad8 19. Qf2 Nc4 20. Ne4 Qd5 21. Re1
Kh8 22. Nc3 Qd7 23. Ne2 h6 24. h4 Qc6 25. Kh1 g5 26. Rf3 Qd5 27. hxg5 Bxg5 28.
Bc3 Nd2 29. Nf4 Ne4 30. Qe3 Nxc3 31. Nxd5 Bxe3 32. Nxe3 Ne4 33. Ng4 Ng5 34. Rf2
Rd4 35. Nf6 Kg7 36. Kh2 Rfd8 37. Kg3 Rc4 38. Rfe2 Kg6 39. Rf1 Rdd4 40. Kh2 h5
41. c3 Rd3 42. Kg1 Rh4 43. Rfe1 Rf4 44. Re3 Rd8 45. Rf1 Rxf1+ 46. Kxf1 Rd2 47.
b3 1/2-1/2

[Event "QA-ANNIV-03"]
[Site "http://www.queenalice.com/game.php?id=316114"]
[Date "2007.12.6"]
[Round "4"]
[White "Alexsandro"]
[Black "Cat"]
[Result "1-0"]
[WhiteElo "2298"]
[BlackElo "2091"]

1. e4 c5 2. Nf3 d6 3. d4 cxd4 4. Nxd4 Nf6 5. Nc3 Nc6 6. Bg5 Qb6 7. Nb3 e6 8. Qd2
a5 9. O-O-O a4 10. Be3 Qd8 11. Nd4 a3 12. Ndb5 axb2+ 13. Kxb2 Ng4 14. Bc5 d5 15.
Bxf8 Kxf8 16. exd5 exd5 17. Nxd5 Be6 18. Nbc7 Rc8 19. Bb5 Qd6 20. Rhe1 Bxd5 21.
Nxd5 h5 22. Nb6 1-0

[Event "QA-ANNIV-02"]
[Site "http://www.queenalice.com/game.php?id=346167"]
[Date "2008.1.31"]
[Round "11"]
[White "Alexsandro"]
[Black "gsmaior"]
[Result "1/2-1/2"]
[WhiteElo "2304"]
[BlackElo "2159"]

1. e4 Nf6 2. e5 Nd5 3. d4 d6 4. Nf3 g6 5. Bc4 Nb6 6. Bb3 Bg7 7. Ng5 e6 8. Qf3
Qe7 9. Ne4 dxe5 10. Bg5 Qb4+ 11. c3 Qa5 12. Bf6 Bxf6 13. Qxf6 O-O 14. Qxe5 Qxe5
15. dxe5 Bd7 16. Nbd2 Bc6 17. O-O-O N8d7 18. f4 a5 19. Rhe1 a4 20. Bc2 Rfd8 21.
a3 Kg7 22. g3 Ra5 23. Nf1 Raa8 24. Rd4 Bxe4 25. Rexe4 Kf8 26. Ne3 Ke7 27. Rd2
Nc5 28. Rxd8 Rxd8 29. Rb4 Nd5 30. Nxd5+ Rxd5 31. Rd4 f6 32. exf6+ Kxf6 33. Kd2
c6 34. g4 g5 35. Rxd5 cxd5 36. fxg5+ Kxg5 37. Bxh7 Kxg4 38. Ke3 e5 39. Bg8 Kh3
40. Bxd5 b6 41. Kf3 Kxh2 1/2-1/2

[Event "QA-ANNIV-03"]
[Site "http://www.queenalice.com/game.php?id=360842"]
[Date "2008.2.25"]
[Round "5"]
[White "vgovidal"]
[Black "Alexsandro"]
[Result "0-1"]
[WhiteElo "2085"]
[BlackElo "2300"]

1. e4 c5 2. Nf3 d6 3. d4 cxd4 4. Nxd4 Nf6 5. Nc3 a6 6. Be2 e5 7. Nb3 Be7 8. O-O
O-O 9. Be3 Be6 10. Qd2 Nbd7 11. a4 Rc8 12. a5 Qc7 13. Rfc1 Qc6 14. Bf3 Bc4 15.
Nd5 Nxd5 16. exd5 Qb5 17. Re1 Nf6 18. Bg5 h6 0-1

[Event "QA-ANNIV-03"]
[Site "http://www.queenalice.com/game.php?id=385527"]
[Date "2008.4.10"]
[Round "6"]
[White "Alexsandro"]
[Black "DINTERINBEBIM"]
[Result "1/2-1/2"]
[WhiteElo "2306"]
[BlackElo "2313"]

1. e4 c6 2. d4 d5 3. Nc3 dxe4 4. Nxe4 Nd7 5. Bc4 Ngf6 6. Ng5 e6 7. Qe2 Nb6 8.
Bd3 h6 9. N5f3 c5 10. dxc5 Nbd7 11. b4 Nd5 12. Bd2 a5 13. c3 axb4 14. cxb4 g5
15. Be4 Bg7 16. Rd1 Qe7 17. Qc4 b5 18. Qd3 O-O 19. Ne2 N7f6 20. O-O Nxe4 21.
Qxe4 Rxa2 22. Ned4 Bb7 23. c6 Ba8 24. Rfe1 Bxd4 25. Nxd4 Qf6 26. Nxb5 Ra6 27.
Nd4 Bxc6 28. Qg4 Ba4 29. Rb1 Rc8 30. Nf3 Bd7 31. h4 Qg7 32. hxg5 hxg5 33. Ne5
Bb5 34. Nf3 Bd7 35. Qxg5 Qxg5 36. Bxg5 Ra4 37. Bd2 f6 38. Ra1 Rxa1 39. Rxa1 Rc4
40. Rb1 Bb5 41. Rb2 1/2-1/2

[Event "QA-ANNIV-03"]
[Site "http://www.queenalice.com/game.php?id=446357"]
[Date "2008.8.9"]
[Round "8"]
[White "Alexsandro"]
[Black "jagvg"]
[Result "1-0"]
[WhiteElo "2295"]
[BlackElo "2224"]

1. e4 c6 2. d4 d5 3. Nc3 dxe4 4. Nxe4 Bf5 5. Ng3 Bg6 6. h4 h6 7. Nf3 Nf6 8. Ne5
Bh7 9. Bd3 Bxd3 10. Qxd3 e6 11. Bd2 Nbd7 12. Qe2 c5 13. Nxd7 Qxd7 14. dxc5 Bxc5
15. O-O-O O-O 16. Bxh6 Qc7 17. Bg5 Nd5 18. Kb1 Qb6 19. Rd3 f6 20. Bd2 f5 21. h5
Bd4 22. c3 Bxf2 23. h6 gxh6 24. Qh5 Rf6 25. Bxh6 Qc7 26. Bg5 Qg7 27. Rxd5 Rf7
28. Bh6 Qh7 29. Ne4 Be3 30. Rd7 Rc8 31. Nf6+ Rxf6 32. Rxh7 Bxh6 33. Rxh6 1-0

[Event "QA-ANNIV-03"]
[Site "http://www.queenalice.com/game.php?id=469841"]
[Date "2008.9.28"]
[Round "9"]
[White "Maxwell"]
[Black "Alexsandro"]
[Result "0-1"]
[WhiteElo "2102"]
[BlackElo "2305"]

1. d4 Nf6 2. Nf3 d5 3. c4 e6 4. Nc3 c6 5. e3 Nbd7 6. Bd3 dxc4 7. Bxc4 b5 8. Bd3
Bb7 9. O-O a6 10. e4 c5 11. e5 cxd4 12. exf6 dxc3 13. fxg7 Bxg7 14. bxc3 Nc5 15.
Be2 Qxd1 16. Bxd1 Bxc3 17. Rb1 Be4 18. Bb2 Bxb1 19. Bxc3 O-O 20. a3 Rac8 21. Bf6
Ne4 22. Bb2 Nc3 23. Bb3 Ne2+ 24. Kh1 Bc2 25. Ba2 Nc3 0-1

[Event "QA-ANNIV-03"]
[Site "http://www.queenalice.com/game.php?id=525043"]
[Date "2009.1.18"]
[Round "10"]
[White "pensalo"]
[Black "Alexsandro"]
[Result "1/2-1/2"]
[WhiteElo "2401"]
[BlackElo "2311"]

1. e4 c5 2. Nf3 d6 3. d4 cxd4 4. Nxd4 Nf6 5. Nc3 a6 6. Be2 e5 7. Nf3 Be7 8. O-O
O-O 9. h3 Nbd7 10. a4 Nc5 11. Nd2 d5 12. exd5 Nxd5 13. Nxd5 Qxd5 14. Bc4 Qc6 15.
Re1 Be6 16. Rxe5 Bf6 17. Re1 Rad8 18. Bxe6 Nxe6 19. Ra3 Rfe8 20. a5 Nf4 21.
Rxe8+ Qxe8 22. Re3 Qc6 23. Rf3 Be5 24. c3 1/2-1/2